Nurse Pocket Guide: (Record no. 356052)
[ view plain ]
| 000 -LEADER | |
|---|---|
| fixed length control field | 00493nam a2200157Ia 4500 |
| 003 - CONTROL NUMBER IDENTIFIER | |
| control field | sisc |
| 005 - DATE AND TIME OF LATEST TRANSACTION | |
| control field | 20180307145209.0 |
| 008 - FIXED-LENGTH DATA ELEMENTS--GENERAL INFORMATION | |
| fixed length control field | 180305s9999 xx 000 0 und d |
| 020 ## - INTERNATIONAL STANDARD BOOK NUMBER | |
| International Standard Book Number | 9748279901 |
| 100 ## - MAIN ENTRY--PERSONAL NAME | |
| Personal name | Doenges, Marilynn E. |
| 245 ## - TITLE STATEMENT | |
| Statement of responsibility, etc | Marilynn E. Doenges, Mary Frances Moorhouse, Alice Geissler-Murr |
| Title | Nurse Pocket Guide: |
| Remainder of title | Diagnoses, Interventions, and Rationales |
| 250 ## - EDITION STATEMENT | |
| Edition statement | 8th ed. |
| 260 ## - PUBLICATION, DISTRIBUTION, ETC. (IMPRINT) | |
| Place of publication, distribution, etc | Thailand |
| Name of publisher, distributor, etc | F.A. Davis Company |
| Date of publication, distribution, etc | 2002 |
| 300 ## - PHYSICAL DESCRIPTION | |
| Extent | ix, 717 Pages |
| 942 ## - ADDED ENTRY ELEMENTS (KOHA) | |
| Source of classification or shelving scheme | Library of Congress Classification |
| Koha item type | Books |
| Withdrawn status | Lost status | Source of classification or shelving scheme | Damaged status | Home library | Current library | Shelving location | Date acquired | Source of acquisition | Total Checkouts | Full call number | Barcode | Date last seen | Price effective from | Koha item type |
|---|---|---|---|---|---|---|---|---|---|---|---|---|---|---|
| Library of Congress Classification | Archives | Archives | 03/05/2018 | Donation | RT 48.6 .D64 2002 | C21302 | 05/15/2018 | 03/05/2018 | Books |